Normal view MARC view

Entry Topical Term

Number of records used in: 1

001 - CONTROL NUMBER

  • control field: 264502

003 - CONTROL NUMBER IDENTIFIER

  • control field: OSt

005 - DATE AND TIME OF LATEST TRANSACTION

  • control field: 20260525144237.0

008 - FIXED-LENGTH DATA ELEMENTS

  • fixed length control field: 260525|| aca||aabn | a|a d

040 ## - CATALOGING SOURCE

  • Original cataloging agency: OSt
  • Transcribing agency: OSt

150 ## - HEADING--TOPICAL TERM

  • Topical term or geographic name entry element: Cinema: Expression of Desire

670 ## - SOURCE DATA FOUND

  • Source citation: Work cat.: (OSt)99393: Prathibha Yuva Vedike., ಪ್ರತಿಭಾ ಯುವ ವೇದಿಕೆ 264501, Cinema: aashaya abhivyakthi , 1994